| 000 | 00968nam a22002657a 4500 | ||
|---|---|---|---|
| 001 | 2069 | ||
| 005 | 20231103101119.0 | ||
| 020 | _a9780439351089 | ||
| 040 |
_aFISKH _beng _cFISKH _dFISKH |
||
| 050 | _aF204.W5 | ||
| 082 | _a975.3 | ||
| 100 | _aWirth, Crystal | ||
| 245 |
_aAt 1600 pennsylvania avenue / _cby Crystal Wirth illustrated by Jared Lee |
||
| 260 |
_aNew York : _bScholastic, _c2002 |
||
| 300 |
_a16 pages : _c21 cm |
||
| 505 | _aK | ||
| 520 | _aThis book is filled with facts about the White House and some of its most colorful inhabitants, including animals. Special rooms, special days, and very special parties are also described. Amusing illustrations and anecdotes about past occupants recount the remarkable history of the White House for young readers | ||
| 521 |
_a590 _bLexile |
||
| 521 |
_aK _bRaz-Plus |
||
| 650 | _aAmerca | ||
| 650 | _aPresident | ||
| 650 | _aThe White House | ||
| 700 |
_aLee, Jared _eIllustrator |
||
| 942 |
_2ddc _cBK _n0 |
||
| 999 |
_c2069 _d2069 |
||